| 000 | 00888nam a2200277u 4500 | ||
|---|---|---|---|
| 001 | 23856 | ||
| 003 | BD-RjUL | ||
| 005 | 20211209000959.0 | ||
| 008 | 140311s1923 nyub 001 0 eng | ||
| 035 | _a(BD-RjUL)23921 | ||
| 040 |
_aDLC _cCarP _dDLC _dBD-RjUL _beng |
||
| 041 | _aeng | ||
| 082 |
_a930 _bBAL 1923 |
||
| 100 | 1 |
_aBaikie, James, _d1866-1931. [from old catalog] _973485 |
|
| 245 | 1 | 4 |
_aThe life of the ancient East : _bbeing some chapters of the romance of modern excavation / _cJames Baikie. |
| 260 |
_aNew York : _bThe Macmillan company, _c1923. |
||
| 300 |
_ax, 463 p. : _bill. ; _c23 cm. |
||
| 504 | _aIncludes index. | ||
| 650 | 0 |
_aExcavations (Archaeology) _973486 |
|
| 651 | 0 |
_aEgypt _xAntiquities. _966098 |
|
| 651 | 0 |
_aBabylonia _xAntiquities. _973487 |
|
| 651 | 0 |
_aMiddle East _xAntiquities. _966124 |
|
| 942 |
_2ddc _cBK |
||
| 999 |
_c23856 _d23856 |
||